[Event "Open"]
[Site "Marostica ITA"]
[Date "1993.09.??"]
[Round "1"]
[White "Joksic, Sinisa"]
[Black "Perezzani, Stefano"]
[Result "1-0"]
[WhiteElo "2325"]
[BlackElo "1934"]
[PlyCount "89"]
[EventDate "1993.09.12"]

1. d4 Nf6 2. c4 g6 3. Nc3 d5 4. Bg5 Ne4 5. cxd5 Nxc3 6. bxc3 Qxd5 7. Nf3 Bg7 8.
e3 Bg4 9. Be2 Nc6 10. Bf4 Qa5 11. O-O e5 12. Nxe5 Bxe2 13. Qxe2 Nxe5 14. dxe5
Bxe5 15. Rab1 a6 16. Rxb7 O-O 17. Bxe5 Qxe5 18. Qc4 Rfc8 19. Rd1 Rd8 20. Rd4
Rab8 21. g3 Rxb7 22. Rxd8+ Kg7 23. a4 Rb1+ 24. Kg2 Rb2 25. Qd4 Kf6 26. Rd7 Qxd4
27. exd4 Ra2 28. Rxc7 Rxa4 29. Kf3 Ra1 30. Ke4 Ke6 31. d5+ Kd6 32. Rxf7 Ra4+
33. Kd3 Kxd5 34. Rxh7 Ra2 35. f4 a5 36. Rh6 a4 37. Rxg6 Rxh2 38. Rg5+ Kc6 39.
Ra5 Ra2 40. g4 a3 41. g5 Kb6 42. Ra8 Ra1 43. g6 a2 44. g7 Rd1+ 45. Ke4 1-0

[Event "Open"]
[Site "Marostica ITA"]
[Date "1993.09.??"]
[Round "2"]
[White "Belotti, Bruno"]
[Black "Petrov, Jole"]
[Result "1/2-1/2"]
[WhiteElo "2410"]
[BlackElo "2360"]
[PlyCount "46"]
[EventDate "1993.09.12"]

1. e4 Nf6 2. e5 Nd5 3. d4 d6 4. Nf3 dxe5 5. Nxe5 g6 6. Bc4 c6 7. O-O Bg7 8. Re1
O-O 9. Bf1 Nd7 10. Nf3 Re8 11. c4 N5b6 12. Nc3 Nf6 13. h3 Be6 14. b3 Qc7 15.
Bg5 Rad8 16. Qc1 Nh5 17. g4 Nf6 18. Bf4 Qc8 19. Bh6 Bh8 20. a4 Na8 21. Ra2 a5
22. Rae2 Nc7 23. Bg2 Na6 1/2-1/2

[Event "Open"]
[Site "Marostica ITA"]
[Date "1993.09.??"]
[Round "2"]
[White "Dragojlovic, Andjelko"]
[Black "Mantovani, Renzo"]
[Result "1-0"]
[WhiteElo "2375"]
[BlackElo "2380"]
[PlyCount "65"]
[EventDate "1993.09.12"]

1. e4 c5 2. Nf3 d6 3. c3 Nf6 4. Be2 Nc6 5. d4 cxd4 6. cxd4 Nxe4 7. d5 Qa5+ 8.
Nc3 Nxc3 9. bxc3 Ne5 10. O-O g6 11. Nxe5 dxe5 12. Qb3 Bg7 13. Bb5+ Kf8 14. Ba3
Bf6 15. Bb4 Qb6 16. a4 Kg7 17. c4 Qd8 18. c5 h5 19. Rad1 h4 20. Rfe1 h3 21. g3
Bf5 22. a5 e4 23. d6 Bg4 24. Rd2 Be6 25. Bc4 Bxc4 26. Qxc4 exd6 27. Rxd6 Qc7
28. Rxf6 Kxf6 29. Bc3+ Kg5 30. Rxe4 Rhe8 31. Bd2+ Kf6 32. Qd4+ Kf5 33. g4# 1-0

[Event "Open"]
[Site "Marostica ITA"]
[Date "1993.09.??"]
[Round "2"]
[White "Popov, Sinisa S."]
[Black "Giacomelli, Gianni"]
[Result "1-0"]
[WhiteElo "2310"]
[BlackElo "1875"]
[PlyCount "31"]
[EventDate "1993.09.12"]

1. b4 e5 2. Bb2 f6 3. e4 Bxb4 4. Bc4 Ne7 5. f4 d5 6. exd5 exf4 7. Nh3 Bd6 8.
O-O c6 9. Kh1 cxd5 10. Bxd5 Qb6 11. Bb3 Qc7 12. Qh5+ Ng6 13. Nc3 Bxh3 14. Qxh3
Nc6 15. Nb5 Qd8 16. Qe6+ 1-0

[Event "Open"]
[Site "Marostica ITA"]
[Date "1993.09.??"]
[Round "2"]
[White "Rossi, Carlo"]
[Black "Laketic, Gojko"]
[Result "1-0"]
[WhiteElo "2330"]
[BlackElo "2410"]
[PlyCount "51"]
[EventDate "1993.09.12"]

1. e4 c6 2. d3 d5 3. Nd2 g6 4. g3 Bg7 5. Bg2 e5 6. Ngf3 Be6 7. O-O Nd7 8. b4 h6
9. Bb2 dxe4 10. Nxe4 Qc7 11. Re1 O-O-O 12. c4 Ngf6 13. Nc5 Nxc5 14. Bxe5 Qb6
15. bxc5 Qxc5 16. Qb3 Ne8 17. Rab1 Qe7 18. Bxg7 Nxg7 19. Ne5 Qc7 20. Qa3 a5 21.
Qc5 f6 22. Nxg6 Rhe8 23. Rb6 Bf5 24. Ne7+ Kb8 25. Rxc6 Rxe7 26. Rxe7 1-0

[Event "Open"]
[Site "Marostica ITA"]
[Date "1993.09.??"]
[Round "3"]
[White "Joksic, Sinisa"]
[Black "Pietralunga, Nicola"]
[Result "1-0"]
[WhiteElo "2325"]
[BlackElo "1993"]
[PlyCount "63"]
[EventDate "1993.09.12"]

1. d4 d5 2. c4 Nc6 3. Nc3 Nf6 4. Bg5 e6 5. e3 Be7 6. a3 h6 7. Bf4 Bd6 8. Bxd6
Qxd6 9. c5 Qd8 10. f4 g5 11. Qf3 gxf4 12. Qxf4 Nh5 13. Qf3 Ng7 14. O-O-O Bd7
15. Bd3 Qe7 16. Rf1 Rf8 17. Nb5 O-O-O 18. Qg3 e5 19. Qxg7 exd4 20. Qg3 Ne5 21.
exd4 Nxd3+ 22. Qxd3 Qg5+ 23. Kb1 Qxg2 24. Nf3 Rde8 25. Nc3 Qh3 26. Ne5 Qxd3+
27. Nxd3 Re3 28. Ne5 Be6 29. h4 f6 30. Rhg1 Bh3 31. Rxf6 Re1+ 32. Ka2 1-0

[Event "Open"]
[Site "Marostica ITA"]
[Date "1993.09.??"]
[Round "3"]
[White "Mantovani, Renzo"]
[Black "Pegoraro, Giorgio"]
[Result "1/2-1/2"]
[WhiteElo "2380"]
[BlackElo "2082"]
[PlyCount "50"]
[EventDate "1993.09.12"]

1. e4 e6 2. d4 d5 3. Nc3 Nf6 4. e5 Nfd7 5. f4 c5 6. Nf3 Nc6 7. Be3 Qb6 8. Qd2
f6 9. O-O-O Qa5 10. exf6 Nxf6 11. dxc5 Bxc5 12. Bxc5 Qxc5 13. g3 O-O 14. Bh3 b5
15. Nd4 Nxd4 16. Qxd4 Qxd4 17. Rxd4 Rb8 18. Re1 Re8 19. Re5 Bd7 20. Nd1 Kf7 21.
Nf2 Rbc8 22. Rd2 Rc7 23. Rde2 a5 24. Nd3 Ne4 25. Bg2 Nd6 1/2-1/2

[Event "Open"]
[Site "Marostica ITA"]
[Date "1993.09.??"]
[Round "3"]
[White "Rossi, Carlo"]
[Black "Dragojlovic, Andjelko"]
[Result "1-0"]
[WhiteElo "2330"]
[BlackElo "2375"]
[PlyCount "53"]
[EventDate "1993.09.12"]

1. e4 c5 2. Nf3 d6 3. Bb5+ Nd7 4. O-O Ngf6 5. Re1 a6 6. Bf1 b6 7. c3 Bb7 8. d3
g6 9. Nbd2 e5 10. d4 Qc7 11. dxe5 dxe5 12. a4 Bg7 13. Nc4 O-O 14. Nd6 Bc6 15.
Bc4 Ne8 16. Nxf7 Rxf7 17. Bxf7+ Kxf7 18. Ng5+ Ke7 19. Qb3 Nf8 20. Rd1 Nd6 21.
Qg8 Bf6 22. a5 h6 23. axb6 Qxb6 24. b4 cxb4 25. Be3 Qb5 26. Rxd6 hxg5 27. c4
1-0

[Event "Open"]
[Site "Marostica ITA"]
[Date "1993.09.??"]
[Round "4"]
[White "Bracaglia, Carlo"]
[Black "Mantovani, Renzo"]
[Result "1/2-1/2"]
[WhiteElo "1902"]
[BlackElo "2380"]
[PlyCount "88"]
[EventDate "1993.09.12"]

1. e4 c5 2. Nc3 Nc6 3. g3 g6 4. Bg2 Bg7 5. d3 e6 6. f4 Nge7 7. Nf3 d5 8. O-O
Rb8 9. Nh4 dxe4 10. Nxe4 Nf5 11. Nxf5 gxf5 12. Nf2 Qd6 13. c3 b6 14. Be3 Bb7
15. Qa4 Qd7 16. Rad1 Rd8 17. Rd2 h5 18. Rfd1 h4 19. d4 cxd4 20. Bxd4 Bxd4 21.
cxd4 hxg3 22. hxg3 Ne7 23. Qxd7+ Rxd7 24. Bxb7 Rxb7 25. Rc1 Rd7 26. Kg2 O-O 27.
Kf3 Rfd8 28. g4 Kg7 29. Rg1 Kf6 30. gxf5 Nxf5 31. Ng4+ Ke7 32. Ne5 Rd6 33. Rc1
Ke8 34. Rc7 Nxd4+ 35. Kf2 Nb5 36. Rxd6 Nxd6 37. Rxa7 Rc8 38. Ke3 Rc2 39. Ra8+
Ke7 40. Ra7+ Kf8 41. Rd7 Nf5+ 42. Kd3 Rxb2 43. Rxf7+ Ke8 44. Rb7 Rf2 1/2-1/2

[Event "Open"]
[Site "Marostica ITA"]
[Date "1993.09.??"]
[Round "4"]
[White "Golubovic, Boris"]
[Black "Lukov, Valentin"]
[Result "1-0"]
[WhiteElo "2305"]
[BlackElo "2395"]
[PlyCount "71"]
[EventDate "1993.09.12"]

1. e4 c5 2. Nc3 Nc6 3. g3 g6 4. Bg2 Bg7 5. d3 d6 6. Be3 h5 7. h3 e5 8. Nd5 Be6
9. Ne2 Bxd5 10. exd5 Nce7 11. c3 Nf5 12. Bd2 Bh6 13. O-O Nge7 14. Bxh6 Rxh6 15.
d4 cxd4 16. cxd4 exd4 17. Nxd4 Qb6 18. Nxf5 Nxf5 19. Qc1 Rh8 20. Qc3 Rg8 21.
Rfe1+ Kf8 22. Re4 Qd8 23. Rc1 Rb8 24. Rc4 Qg5 25. h4 Qe7 26. Re1 Qd8 27. Bh3
Ne7 28. Qd4 b5 29. Rc3 Qb6 30. Qd2 Rh8 31. Qg5 Rb7 32. Qf6 Rh7 33. Rec1 Rb8 34.
Be6 Re8 35. Rc7 Qb8 36. Rd7 1-0

[Event "Open"]
[Site "Marostica ITA"]
[Date "1993.09.??"]
[Round "4"]
[White "Nurkic, Sahbaz"]
[Black "Manca, Federico"]
[Result "0-1"]
[WhiteElo "2395"]
[BlackElo "2390"]
[PlyCount "48"]
[EventDate "1993.09.12"]

1. e4 d6 2. d4 Nf6 3. Nc3 g6 4. f4 Bg7 5. e5 Nfd7 6. Ne4 c5 7. c3 O-O 8. Nf3
cxd4 9. cxd4 Nc6 10. Nc3 Nb6 11. d5 Nb8 12. h3 N8d7 13. exd6 exd6 14. Kf2 Nc5
15. Kg1 Re8 16. Kh2 Bd7 17. Bd2 Nca4 18. Qb3 Nxc3 19. bxc3 Bf5 20. Bb5 Re7 21.
Rae1 Be4 22. Rxe4 Rxe4 23. Bd3 Re8 24. c4 Nd7 0-1

[Event "Open"]
[Site "Marostica ITA"]
[Date "1993.09.??"]
[Round "5"]
[White "Golubovic, Boris"]
[Black "Sarno, Spartaco"]
[Result "0-1"]
[WhiteElo "2305"]
[BlackElo "2390"]
[PlyCount "66"]
[EventDate "1993.09.12"]

1. e4 d6 2. Nc3 g6 3. g3 Bg7 4. Bg2 c5 5. d3 Nc6 6. Be3 Rb8 7. Qd2 b5 8. f4 Bd7
9. Nf3 b4 10. Nd1 Nf6 11. h3 O-O 12. O-O Ne8 13. f5 gxf5 14. exf5 Bxf5 15. Ng5
Bd7 16. Be4 Nf6 17. Rxf6 exf6 18. Bxh7+ Kh8 19. Qe2 fxg5 20. Qh5 Re8 21. Be4+
Kg8 22. Bxg5 Rxe4 23. Bxd8 Re1+ 24. Kf2 Re5 25. Bg5 f6 26. h4 fxg5 27. hxg5
Rf8+ 28. Kg2 Nd4 29. Nf2 Re2 30. Rf1 Bc6+ 31. Kg1 Nf3+ 32. Kg2 Nd2+ 33. Kg1
Rfxf2 0-1

[Event "Open"]
[Site "Marostica ITA"]
[Date "1993.09.??"]
[Round "5"]
[White "Joksic, Sinisa"]
[Black "Bracaglia, Carlo"]
[Result "1-0"]
[WhiteElo "2325"]
[BlackElo "1902"]
[PlyCount "59"]
[EventDate "1993.09.12"]

1. d4 d5 2. Nf3 c6 3. g3 e6 4. Bg2 f5 5. O-O Nf6 6. b3 a5 7. a4 Nbd7 8. Ng5 Nb8
9. f3 Bd6 10. e4 e5 11. exd5 Nxd5 12. dxe5 Bc5+ 13. Kh1 O-O 14. f4 Nb4 15. Qe2
Qe7 16. Rd1 h6 17. Nf3 b5 18. c3 Nd5 19. axb5 Bb7 20. bxc6 Bxc6 21. Qc4 Kh7 22.
Nd4 Bxd4 23. Rxd4 Nb6 24. Qe2 Qb7 25. Ba3 Re8 26. c4 N8d7 27. Nc3 Nf6 28. Rd6
Bxg2+ 29. Qxg2 Qxg2+ 30. Kxg2 1-0

[Event "Open"]
[Site "Marostica ITA"]
[Date "1993.09.??"]
[Round "5"]
[White "Laketic, Gojko"]
[Black "Dragojlovic, Andjelko"]
[Result "1-0"]
[WhiteElo "2410"]
[BlackElo "2375"]
[PlyCount "67"]
[EventDate "1993.09.12"]

1. e4 c5 2. Nf3 d6 3. d4 cxd4 4. Nxd4 Nf6 5. Nc3 e6 6. Bc4 Be7 7. Bb3 Na6 8.
Be3 Nc5 9. f3 a6 10. Qd2 Qc7 11. g4 h6 12. O-O-O b5 13. h4 Bd7 14. g5 b4 15.
Nce2 Nh5 16. Qxb4 O-O 17. gxh6 g6 18. Bg5 Qb7 19. Qd2 f6 20. Nf4 Nxf4 21. Bxf4
Kh7 22. Rhg1 Rg8 23. Ne2 Nxb3+ 24. axb3 e5 25. Be3 Be6 26. Nc3 Rac8 27. f4 Qb8
28. Kb1 Rc6 29. h5 Bf7 30. hxg6+ Rxg6 31. f5 Rxg1 32. Rxg1 Bf8 33. Nd5 Kh8 34.
Qg2 1-0

[Event "Open"]
[Site "Marostica ITA"]
[Date "1993.09.??"]
[Round "5"]
[White "Mola, Pietro"]
[Black "Pegoraro, Giorgio"]
[WhiteElo "1905"]
[BlackElo "2082"]
[Result "0-1"]
[PlyCount "58"]
[EventDate "1993.09.12"]

1. e4 e6 2. d4 d5 3. Nc3 Nf6 4. e5 Nfd7 5. Nce2 c5 6. c3 Nc6 7. f4 b5 8. a3 b4
9. dxc5 bxa3 10. b4 a5 11. b5 Na7 12. c6 Nxb5 13. cxd7+ Bxd7 14. Nf3 Rc8 15.
Nfd4 Nxc3 16. Nxc3 Rxc3 17. Bb5 Bc5 18. Qa4 O-O 19. Bxd7 Rc4 20. Nxe6 Qe7 21.
Qb5 fxe6 22. Bxa3 Re4+ 23. Kd2 Bxa3 24. g3 Bb4+ 25. Kd3 Rd8 26. Bc6 Qa7 27. Kc2
Qf2+ 28. Kb3 Re3+ 29. Ka4 Qc2# 0-1

[Event "Open"]
[Site "Marostica ITA"]
[Date "1993.09.??"]
[Round "5"]
[White "Mrdja, Milan"]
[Black "Belotti, Bruno"]
[Result "1-0"]
[WhiteElo "2355"]
[BlackElo "2410"]
[PlyCount "95"]
[EventDate "1993.09.12"]

1. e4 c5 2. Nf3 d6 3. d4 cxd4 4. Nxd4 Nf6 5. Nc3 e6 6. g4 Nc6 7. g5 Nd7 8. Be3
Be7 9. Rg1 O-O 10. Qg4 Nde5 11. Qg3 d5 12. O-O-O Bb4 13. exd5 exd5 14. Nxc6
Nxc6 15. Nxd5 Qa5 16. Bc4 Kh8 17. Nxb4 Qxb4 18. Bb3 Bf5 19. Rd5 Be6 20. Rd3 Qe4
21. Qf4 Qxf4 22. Bxf4 Bxb3 23. axb3 Rfd8 24. Rgd1 Rxd3 25. Rxd3 Rd8 26. Rxd8+
Nxd8 27. Be3 Nc6 28. Kd2 Kg8 29. Kd3 Kf8 30. Kc4 Ke7 31. b4 Kd6 32. b5 Ne5+ 33.
Kb4 Nf3 34. c4 Kd7 35. h3 Ng1 36. h4 Nf3 37. h5 g6 38. hxg6 hxg6 39. Kc3 Kc8
40. Kd3 a6 41. Ke4 Nh4 42. bxa6 bxa6 43. b4 Nf5 44. Ke5 Kd7 45. Bc5 Nh4 46. Kf6
Ke8 47. b5 axb5 48. cxb5 1-0

[Event "Open"]
[Site "Marostica ITA"]
[Date "1993.09.??"]
[Round "5"]
[White "Rossi, Carlo"]
[Black "Efimov, Igor"]
[Result "0-1"]
[WhiteElo "2330"]
[BlackElo "2490"]
[PlyCount "80"]
[EventDate "1993.09.12"]

1. e4 c5 2. Nf3 e6 3. b4 cxb4 4. a3 bxa3 5. d4 d5 6. e5 Bd7 7. c3 Bc6 8. Bd3
Nd7 9. Ng5 Be7 10. Nxh7 g6 11. Nf6+ Ngxf6 12. exf6 Nxf6 13. Nxa3 Ne4 14. Qb3 a6
15. Nc2 Bd6 16. h3 Qh4 17. Be3 f5 18. g4 Qe7 19. gxf5 gxf5 20. O-O-O f4 21. f3
Ng3 22. Bf2 Nxh1 23. Rxh1 Rg8 24. Rh2 a5 25. h4 a4 26. Qa2 Qd7 27. h5 Bb5 28.
Bg6+ Kf8 29. Bh4 a3 30. Bf6 Bc4 31. Qa1 Be7 32. Be5 Bd6 33. Bf6 Qb5 34. Kd2 a2
35. Qg1 a1=Q 36. Qg5 Qxc3+ 37. Kxc3 Qa5+ 38. Kb2 Ba3+ 39. Nxa3 Qxa3+ 40. Kc2
Qb3+ 0-1

[Event "Open"]
[Site "Marostica ITA"]
[Date "1993.09.??"]
[Round "5"]
[White "Sarno, Spartaco"]
[Black "Manca, Federico"]
[Result "0-1"]
[WhiteElo "2390"]
[BlackElo "2390"]
[PlyCount "52"]
[EventDate "1993.09.12"]

1. c4 Nf6 2. Nc3 c5 3. Nf3 Nc6 4. e3 e6 5. d4 d5 6. a3 cxd4 7. exd4 Be7 8. c5
O-O 9. Bb5 e5 10. dxe5 d4 11. exf6 Bxf6 12. Ne4 Re8 13. Nfd2 Bf5 14. Bxc6 bxc6
15. f3 Bh4+ 16. Kf1 d3 17. Qa4 Qg5 18. Nc4 Qh5 19. Ncd6 Bxe4 20. Nxe4 f5 21. g4
fxg4 22. Qc4+ Kh8 23. Bd2 gxf3 24. Nd6 Re7 25. Qxd3 Qg4 26. Qf5 Qg2# 0-1

[Event "Open"]
[Site "Marostica ITA"]
[Date "1993.09.??"]
[Round "6"]
[White "Belotti, Bruno"]
[Black "Tocchioni, Doriano"]
[Result "1-0"]
[WhiteElo "2410"]
[BlackElo "2235"]
[PlyCount "79"]
[EventDate "1993.09.12"]

1. c4 e5 2. Nc3 d6 3. g3 f5 4. Bg2 Nf6 5. d4 Nbd7 6. Nf3 c6 7. O-O Be7 8. Qc2
e4 9. Ng5 Nf8 10. d5 Ng6 11. f3 cxd5 12. cxd5 Qb6+ 13. Kh1 exf3 14. exf3 O-O
15. Re1 Ne5 16. Be3 Qa5 17. f4 Ng6 18. Bg1 Ne8 19. Ne6 Bxe6 20. dxe6 Bf6 21.
Qb3 Ne7 22. Qxb7 Nc7 23. Rac1 Rab8 24. Qxa7 Qxa7 25. Bxa7 Rxb2 26. Nd1 Rxg2 27.
Kxg2 Nb5 28. Bf2 Ra8 29. Rb1 Na3 30. Rb7 Kf8 31. Ne3 d5 32. Rd7 d4 33. Nd5 Nxd5
34. Rxd5 Nc2 35. Re2 Nb4 36. Rd7 d3 37. Rd2 Be7 38. Rxe7 Kxe7 39. Bc5+ Kxe6 40.
Bxb4 1-0

[Event "Open"]
[Site "Marostica ITA"]
[Date "1993.09.??"]
[Round "6"]
[White "Efimov, Igor"]
[Black "Sedina, Elena"]
[Result "1-0"]
[WhiteElo "2490"]
[BlackElo "2255"]
[PlyCount "93"]
[EventDate "1993.09.12"]

1. e4 e6 2. d4 d5 3. exd5 exd5 4. Nf3 Nf6 5. Bg5 Be7 6. Bd3 O-O 7. O-O Bg4 8.
Nbd2 Nc6 9. c3 h6 10. Bh4 Nh5 11. Bxe7 Nxe7 12. h3 Nf4 13. hxg4 Nxd3 14. Qc2
Nf4 15. Rae1 Neg6 16. g3 Nh3+ 17. Kg2 Ng5 18. Ne5 Nxe5 19. Rxe5 f6 20. Re3 Qd7
21. Qf5 Qxf5 22. gxf5 Rfe8 23. Rfe1 Kf8 24. g4 Rxe3 25. Rxe3 Re8 26. Kg3 Nf7
27. Nb3 Nd6 28. Nc5 c6 29. Kf4 Kf7 30. b3 Re7 31. a4 b6 32. Ne6 Re8 33. Nc7
Rxe3 34. fxe3 Ke7 35. Ne6 g5+ 36. Kf3 h5 37. gxh5 Nxf5 38. Nc7 Nh6 39. e4 dxe4+
40. Kxe4 Kd6 41. Ne8+ Ke7 42. Ng7 Kf7 43. Nf5 Ng8 44. c4 a6 45. d5 cxd5+ 46.
cxd5 a5 47. h6 1-0

[Event "Open"]
[Site "Marostica ITA"]
[Date "1993.09.??"]
[Round "6"]
[White "Joksic, Sinisa"]
[Black "Golubovic, Boris"]
[Result "1/2-1/2"]
[WhiteElo "2325"]
[BlackElo "2305"]
[PlyCount "99"]
[EventDate "1993.09.12"]

1. d4 d6 2. c4 f5 3. Nc3 g6 4. Nf3 Nf6 5. g3 Bg7 6. Bg2 O-O 7. O-O Qe8 8. d5
Na6 9. Nd4 Bd7 10. e4 fxe4 11. Nxe4 Nxe4 12. Bxe4 Nc5 13. Bg2 a5 14. Be3 h6 15.
Qd2 g5 16. Nb3 b6 17. Bd4 Nxb3 18. axb3 Qf7 19. f4 Bxd4+ 20. Qxd4 Qg7 21. Qxg7+
Kxg7 22. Rfe1 Kf7 23. fxg5 hxg5 24. Bf3 g4 25. Bd1 Bf5 26. Re3 Rh8 27. Be2 Raf8
28. Rf1 Ke8 29. Rf4 Rhg8 30. Bd1 Rf6 31. Re1 Kf7 32. Rd4 e5 33. dxe6+ Bxe6 34.
Rde4 Rg5 35. R1e3 Rg7 36. Be2 Rg5 37. Bf1 d5 38. cxd5 Rxd5 39. Re1 Rd2 40. Rxe6
Rxe6 41. Bc4 Rdd6 42. h4 gxh3 43. Kh2 b5 44. Bxe6+ Rxe6 45. Rc1 Re2+ 46. Kxh3
Rxb2 47. Rxc7+ Ke6 48. Ra7 Rxb3 49. Rxa5 Rb1 50. Ra8 1/2-1/2

[Event "Open"]
[Site "Marostica ITA"]
[Date "1993.09.??"]
[Round "6"]
[White "Pietralunga, Nicola"]
[Black "Lukov, Valentin"]
[Result "0-1"]
[WhiteElo "1993"]
[BlackElo "2395"]
[PlyCount "42"]
[EventDate "1993.09.12"]

1. d4 Nf6 2. c4 e6 3. g3 d5 4. Bg2 dxc4 5. Nf3 Nbd7 6. O-O c5 7. Na3 cxd4 8.
Nxc4 Bc5 9. Nxd4 O-O 10. Nb3 Be7 11. Bf4 Nb6 12. Qc2 Nbd5 13. Rfd1 Bd7 14. Ne5
Rc8 15. Qd2 Ba4 16. Rac1 Qb6 17. Nc4 Qa6 18. Qa5 Bb5 19. Qxa6 Bxa6 20. Nbd2
Nxf4 21. gxf4 Rfd8 0-1

[Event "Open"]
[Site "Marostica ITA"]
[Date "1993.09.??"]
[Round "7"]
[White "Golubovic, Boris"]
[Black "Dragojlovic, Andjelko"]
[Result "1-0"]
[WhiteElo "2305"]
[BlackElo "2375"]
[PlyCount "81"]
[EventDate "1993.09.12"]

1. e4 g6 2. Nc3 Bg7 3. g3 d6 4. Bg2 c6 5. a4 e5 6. Nge2 Nf6 7. O-O O-O 8. d4
Nbd7 9. h3 Re8 10. Re1 Nf8 11. Be3 Bd7 12. a5 Ne6 13. d5 cxd5 14. Nxd5 Nxd5 15.
exd5 Nd4 16. c3 Nxe2+ 17. Qxe2 f5 18. Qd2 Bf6 19. f3 a6 20. c4 g5 21. Rac1 Qe7
22. Bf2 Rec8 23. b4 Kg7 24. c5 Bb5 25. Bf1 Bxf1 26. Kxf1 Qd7 27. Kg2 h5 28.
cxd6 Qxd6 29. Rc5 Rf8 30. Qc2 Bd8 31. Qd3 Kh6 32. Rec1 Rf6 33. Qc4 Rf7 34. Qd3
Rf6 35. Re1 Be7 36. Rc4 Qb8 37. Bc5 Bd6 38. Qc3 Qg8 39. Bxd6 Rxd6 40. Rxe5 Rxd5
41. Rxd5 1-0

[Event "Open"]
[Site "Marostica ITA"]
[Date "1993.09.??"]
[Round "7"]
[White "Jurkovic, Hrvoje"]
[Black "Mrdja, Milan"]
[Result "0-1"]
[WhiteElo "2240"]
[BlackElo "2355"]
[PlyCount "64"]
[EventDate "1993.09.12"]

1. e4 Nf6 2. e5 Nd5 3. Nc3 Nxc3 4. dxc3 d6 5. Bf4 Nc6 6. Nf3 Bg4 7. h3 Bh5 8.
Bb5 a6 9. Ba4 Qd7 10. exd6 cxd6 11. Qd5 e5 12. g4 Bg6 13. O-O-O O-O-O 14. Be3
f6 15. Bb6 Re8 16. c4 Bf7 17. Bxc6 bxc6 18. Qa5 Bxc4 19. Nd2 Bd5 20. Rhe1 Qb7
21. c4 Be6 22. Re3 d5 23. cxd5 Bxd5 24. Ne4 Be7 25. Nc3 Be6 26. Red3 Kb8 27.
Ne4 Bd5 28. Nc5 Bxc5 29. Qxc5 Ka8 30. Ra3 Rb8 31. Ra4 Qxb6 32. Qa3 Ka7 0-1

[Event "Open"]
[Site "Marostica ITA"]
[Date "1993.09.??"]
[Round "7"]
[White "Laketic, Gojko"]
[Black "Petrov, Jole"]
[Result "1-0"]
[WhiteElo "2410"]
[BlackElo "2360"]
[PlyCount "59"]
[EventDate "1993.09.12"]

1. e4 Nf6 2. e5 Nd5 3. d4 d6 4. Nf3 dxe5 5. Nxe5 g6 6. Bc4 c6 7. O-O Bg7 8. Re1
O-O 9. Bf1 Be6 10. c4 Nb6 11. b3 N6d7 12. f4 Qc7 13. Bb2 a5 14. Nd2 Nf6 15. Qf3
Rd8 16. h3 Qc8 17. Qf2 Nbd7 18. Rac1 Nf8 19. a4 Bd7 20. Ba3 Re8 21. Ndf3 h6 22.
d5 cxd5 23. cxd5 Qd8 24. Bc4 e6 25. Bxf8 Bxf8 26. Nxd7 Qxd7 27. dxe6 fxe6 28.
Bb5 Qd6 29. Bxe8 Rxe8 30. Ne5 1-0

[Event "Open"]
[Site "Marostica ITA"]
[Date "1993.09.??"]
[Round "7"]
[White "Manca, Federico"]
[Black "Efimov, Igor"]
[Result "1/2-1/2"]
[WhiteElo "2390"]
[BlackElo "2490"]
[PlyCount "82"]
[EventDate "1993.09.12"]

1. e4 e6 2. d4 d5 3. Nc3 Be7 4. e5 c5 5. Qg4 Kf8 6. dxc5 Nc6 7. Nf3 Bxc5 8. Bd3
f5 9. Qf4 h6 10. O-O g5 11. Qg3 a6 12. Ne2 Qc7 13. a3 a5 14. b3 Qf7 15. Bb2
Nge7 16. c3 Rg8 17. b4 axb4 18. axb4 Rxa1 19. Bxa1 Bb6 20. b5 Nb8 21. c4 f4 22.
Qh3 h5 23. Nfd4 g4 24. Qh4 f3 25. Ng3 fxg2 26. Rc1 Nd7 27. cxd5 Nxe5 28. Be4
exd5 29. Bxg2 Nd3 30. Rf1 Nf4 31. Nde2 Nxe2+ 32. Nxe2 Nf5 33. Qf6 Qxf6 34. Bxf6
Rg6 35. Be5 Re6 36. Nf4 Re8 37. Bxd5 Nh4 38. Bd6+ Kg7 39. Nxh5+ Kg6 40. Ng3
Nf3+ 41. Kg2 Bd7 1/2-1/2

[Event "Open"]
[Site "Marostica ITA"]
[Date "1993.09.??"]
[Round "7"]
[White "Popov, Sinisa S."]
[Black "Nurkic, Sahbaz"]
[Result "1-0"]
[WhiteElo "2310"]
[BlackElo "2395"]
[PlyCount "79"]
[EventDate "1993.09.12"]

1. b4 Nf6 2. Bb2 g6 3. Nf3 Bg7 4. e3 O-O 5. Be2 d6 6. O-O e5 7. d3 a5 8. a3 Nc6
9. b5 Ne7 10. c4 h6 11. Qc2 Be6 12. Nc3 Nd7 13. d4 f5 14. dxe5 dxe5 15. Rfd1
Qe8 16. Nd5 Rc8 17. a4 c6 18. Nxe7+ Qxe7 19. Ba3 Nc5 20. b6 Rfe8 21. Nd2 Bf8
22. Nb3 Nxb3 23. Bxe7 Nxa1 24. Rxa1 Bxe7 25. Qc3 Kf7 26. Qxa5 Ra8 27. Qc3 e4
28. Ra2 Bf6 29. Qb4 Be7 30. Qc3 Bf6 31. Qb4 Rec8 32. h3 c5 33. Qb3 Bd7 34. f3
Bc6 35. fxe4 fxe4 36. a5 Ra6 37. Qa3 Bd7 38. Bg4 Bxg4 39. hxg4 Rca8 40. Qxc5
1-0

[Event "Open"]
[Site "Marostica ITA"]
[Date "1993.09.??"]
[Round "8"]
[White "Belotti, Bruno"]
[Black "Lukov, Valentin"]
[Result "1-0"]
[WhiteElo "2410"]
[BlackElo "2395"]
[PlyCount "31"]
[EventDate "1993.09.12"]

1. d4 Nf6 2. c4 g6 3. Nc3 Bg7 4. e4 O-O 5. Be3 d6 6. f3 c6 7. Qd2 a6 8. O-O-O
b5 9. h4 Nbd7 10. h5 e5 11. dxe5 dxe5 12. hxg6 fxg6 13. Qd6 Bb7 14. Nh3 Re8 15.
Ng5 Nf8 16. Qa3 1-0

[Event "Open"]
[Site "Marostica ITA"]
[Date "1993.09.??"]
[Round "8"]
[White "Sarno, Spartaco"]
[Black "Jurkovic, Hrvoje"]
[Result "1/2-1/2"]
[WhiteElo "2390"]
[BlackElo "2240"]
[PlyCount "58"]
[EventDate "1993.09.12"]

1. c4 f5 2. Nc3 Nf6 3. g3 g6 4. Bg2 Bg7 5. e3 O-O 6. Nge2 d6 7. O-O c6 8. d3 a5
9. a3 Na6 10. b4 axb4 11. axb4 Bd7 12. Rb1 e5 13. Qd2 Qe7 14. Na4 Be8 15. Nb6
Rd8 16. Qa2 Qc7 17. Qa5 Nd7 18. Nxd7 Qxa5 19. bxa5 Rxd7 20. Ba3 Bf7 21. Rfd1
Ra8 22. Nc3 Nc5 23. Bb4 Bf6 24. Bh3 Bd8 25. Ne4 Be7 26. f4 Ne6 27. Nd2 Bf6 28.
Nf3 exf4 29. gxf4 c5 1/2-1/2